000 00663nam a2200205Ia 4500
003 GCL
008 140319s9999 xx 000 0 ara d
020 _a6090320977
040 _aGCL /
_cGCL
082 0 4 _a823.085
_bف ج
100 1 _aفريزير، تشارلز
245 1 0 _aالجبل البارد /
_cفريزير، تشارلز
250 _aالاولى
260 _aالقاهرة :
_bمركز الاهرام للترجمة والنشر ،
_c2002
300 _a445 ص ؛
_c20 سم
650 0 4 _aالقصص العاطفية
650 0 4 _aالادب الامريكى
650 0 4 _aالقصص الامريكية المترجمة
942 _2ddc
_cBK
999 _c56890
_d56890